[Event "Malaysian Open"]
[Site "Kuala Lumpur MAS"]
[Date "2011.08.18"]
[Round "2.14"]
[White "Wang, Rui"]
[Black "Salcedo, Richilieu"]
[Result "1-0"]
[WhiteTitle "GM"]
[WhiteElo "2436"]
[BlackElo "2222"]
[WhiteFideId "8601003"]
[BlackFideId "5204658"]
[EventDate "2011.08.18"]

1. d4 Nf6 2. c4 c5 3. d5 b5 4. cxb5 a6 5. e3 axb5 6. Bxb5 Qa5+ 7. Nc3 Bb7 8. Bd2
Qb6 9. Qb3 e6 10. Bc4 Qxb3 11. Bxb3 exd5 12. Nge2 Na6 13. O-O-O Bc6 14. f3 Nb4
15. Kb1 c4 16. Bc2 Bc5 17. Bc1 O-O 18. Nd4 Ra5 19. a3 Nxc2 20. Kxc2 Ra6 21. g4
Rb8 22. Rhe1 h6 23. h4 Re8 24. g5 hxg5 25. hxg5 Nh7 26. e4 Bxd4 27. Rxd4 dxe4
28. fxe4 Ra5 29. Rxc4 Nxg5 30. b4 Rae5 31. Bf4 Rxe4 32. Nxe4 Bxe4+ 33. Rexe4
Nxe4 34. b5 g5 35. Bc7 d6 36. b6 Nc5 37. Rxc5 dxc5 38. b7 f5 39. a4 Kf7 40. a5
Ke7 41. a6 Kd7 42. a7 Kxc7 43. a8=Q Rb8 44. Qa7 c4 45. Qa6 Rxb7 46. Qxc4+ Kd6
47. Qa6+ Kc7 48. Qa5+ Kc6 49. Qxf5 Rb5 50. Qf6+ 1-0

[Event "Malaysian Open"]
[Site "Kuala Lumpur MAS"]
[Date "2011.08.18"]
[Round "2.17"]
[White "Goswami, Vedant"]
[Black "Gao, Rui"]
[Result "0-1"]
[BlackTitle "IM"]
[WhiteElo "2199"]
[BlackElo "2420"]
[WhiteFideId "5003725"]
[BlackFideId "8602387"]
[EventDate "2011.08.18"]

1. Nf3 Nf6 2. d4 g6 3. g3 Bg7 4. Bg2 d5 5. O-O O-O 6. c4 dxc4 7. Na3 c3 8. bxc3
c5 9. Bb2 Nc6 10. Nc4 Be6 11. Nfe5 Nxe5 12. Nxe5 Bd5 13. f3 Nd7 14. Nxd7 Qxd7
15. e4 Bc4 16. Rf2 Rfd8 17. Rd2 e6 18. Bf1 Bxf1 19. Qxf1 Qa4 20. Qd1 Qa5 21. Qe2
Rd7 22. a3 Rad8 23. Rad1 Qa4 24. d5 exd5 25. Rxd5 Rxd5 26. Rxd5 Rc8 27. c4 Qb3
28. Bxg7 Kxg7 29. e5 Rc6 30. Rd6 Qxa3 31. Qe4 Qc1+ 32. Kg2 Rxd6 33. exd6 Qd2+
34. Kh3 Qxd6 35. Qxb7 Qb6 36. Qa8 a5 37. g4 Qf6 38. Kg3 Qe5+ 39. Kh3 Qa1 40. Qc6
a4 41. Qxc5 a3 0-1

[Event "Malaysian Open"]
[Site "Kuala Lumpur MAS"]
[Date "2011.08.18"]
[Round "2.18"]
[White "Irwanto, Sadikin"]
[Black "Bai, Jinshi"]
[Result "1/2-1/2"]
[WhiteTitle "IM"]
[WhiteElo "2417"]
[BlackElo "2151"]
[WhiteFideId "7100590"]
[BlackFideId "8602280"]
[EventDate "2011.08.18"]

1. d4 d5 2. Nf3 Nf6 3. c4 c6 4. Nc3 dxc4 5. a4 Bf5 6. e3 e6 7. Bxc4 Bb4 8. O-O
O-O 9. Qe2 Nbd7 10. h3 Bg6 11. Rd1 Qe7 12. Nh4 Bh5 13. g4 Nd5 14. Ng2 Bg6 15.
Bd2 Nxc3 16. bxc3 Ba3 17. Bd3 e5 18. a5 Bd6 19. Rdb1 b5 20. axb6 axb6 21. Bxg6
hxg6 22. Qc4 c5 23. Rxa8 Rxa8 24. dxc5 Bxc5 25. e4 Qf6 26. Be3 Bxe3 27. Nxe3 Nc5
28. Kg2 1/2-1/2

[Event "Malaysian Open"]
[Site "Kuala Lumpur MAS"]
[Date "2011.08.18"]
[Round "2.19"]
[White "Chen, Yibo"]
[Black "Dimakiling, Oliver"]
[Result "0-1"]
[BlackTitle "IM"]
[WhiteElo "2152"]
[BlackElo "2414"]
[WhiteFideId "8605815"]
[BlackFideId "5202248"]
[EventDate "2011.08.18"]

1. d4 e6 2. c4 d5 3. Nc3 a6 4. e3 Nf6 5. Nf3 c5 6. Qc2 Nc6 7. dxc5 Bxc5 8. a3
O-O 9. Be2 Qe7 10. O-O Ba7 11. Rd1 dxc4 12. Bxc4 b5 13. Be2 Bb7 14. b4 Rac8 15.
Bb2 e5 16. Nd2 Nd4 17. Qb1 Rxc3 18. exd4 exd4 19. Bf3 Bxf3 20. Nxf3 Rxf3 21.
gxf3 Qe5 22. Qd3 Bb8 23. Bxd4 Qxh2+ 24. Kf1 Re8 25. Be3 Bf4 26. Qf5 Bxe3 27.
fxe3 Nh5 28. Qd3 Ng3+ 29. Ke1 h5 30. e4 f5 31. Qd5+ Kh7 32. Ra2 Qg1+ 33. Kd2
Qf2+ 34. Kc1 Qxf3 35. exf5 Re4 36. Qd3 Re3 37. Qd5 Qf4 38. Kb1 Ne4 39. Rc2 Nf6
40. Qd4 Qf3 41. Rcd2 Rxa3 42. Rd3 Qxf5 43. Kb2 Ra4 44. Ra3 Rxa3 45. Kxa3 g5 46.
Rc1 Kg6 47. Rc5 Qf3+ 48. Ka2 h4 49. Qd6 h3 50. Rc2 Qd5+ 0-1

[Event "Malaysian Open"]
[Site "Kuala Lumpur MAS"]
[Date "2011.08.18"]
[Round "2.20"]
[White "Yu, Lie"]
[Black "Kumar, Sri Shiva"]
[Result "1-0"]
[WhiteTitle "IM"]
[WhiteElo "2414"]
[BlackElo "1705"]
[WhiteFideId "8603715"]
[BlackFideId "5703808"]
[EventDate "2011.08.18"]

1. d4 Nf6 2. Nf3 d5 3. c4 e6 4. g3 b6 5. Bg2 Bb7 6. O-O Be7 7. Qa4+ Qd7 8. Qc2
Qd8 9. Bf4 O-O 10. cxd5 Nxd5 11. Nc3 Nxf4 12. gxf4 g6 13. Rfd1 f5 14. Qb3 Rf6
15. d5 Kg7 16. Ng5 Bd6 17. Nxe6+ Rxe6 18. dxe6 Bxg2 19. Kxg2 Qe7 20. Qd5 Bxf4
21. Qxa8 Qh4 22. Kf1 Bxh2 23. Qxb8 Qg4 24. Rd7+ Kh6 25. Qf8+ Kg5 26. Qe7+ 1-0

[Event "Malaysian Open"]
[Site "Kuala Lumpur MAS"]
[Date "2011.08.18"]
[Round "2.21"]
[White "Tan, Li Ting"]
[Black "Vakhidov, Jahongir"]
[Result "1/2-1/2"]
[WhiteElo "1846"]
[BlackElo "2392"]
[WhiteFideId "5704820"]
[BlackFideId "14201801"]
[EventDate "2011.08.18"]

1. d4 Nf6 2. c4 g6 3. Nc3 Bg7 4. e4 d6 5. Be2 O-O 6. Nf3 Bg4 7. O-O Nfd7 8. Be3
a6 9. Nd2 Bxe2 10. Qxe2 Nc6 11. Nb3 e6 12. Rac1 a5 13. a4 Re8 14. Rfd1 Nb4 15.
f4 c6 16. e5 d5 17. cxd5 exd5 18. Qf2 f6 19. g3 Qe7 20. Rd2 Rf8 21. Qe2 Nb6 22.
Re1 Nc4 23. Rdd1 Nxe3 24. exf6 Bxf6 25. Qxe3 Qxe3+ 26. Rxe3 b6 27. Re2 Kf7 28.
Kg2 Rfe8 29. Rdd2 Rxe2+ 30. Nxe2 Re8 31. Kf2 g5 32. Kf3 gxf4 33. gxf4 Re4 34.
Nbc1 c5 35. dxc5 bxc5 36. Nb3 Na6 37. Rxd5 Rxa4 38. Nxc5 Nxc5 39. Rxc5 Bxb2 40.
Rc7+ Kg6 41. Rc6+ Bf6 42. Ng3 Kf7 43. Rc7+ Ke6 44. Rc6+ Kf7 45. Rc7+ Kf8 46.
Rxh7 Ra1 47. Ra7 a4 48. Ne4 Bd4 49. Ra8+ Ke7 50. Kg4 Ke6 51. Ng5+ Kd5 52. h4 a3
53. h5 Kc4 54. Nf3 Bb2 55. Kf5 Rh1 56. Ne5+ Kb3 57. Rb8+ Kc2 58. Nc4 Rxh5+ 59.
Ke4 Rh4 60. Rxb2+ axb2 61. Nxb2 Kxb2 62. Ke5 Rh5+ 63. f5 Kc3 64. Ke6 Kd4 65. f6
Rh6 66. Ke7 Ke5 67. f7 Re6+ 68. Kd7 Rd6+ 69. Ke7 Ra6 1/2-1/2

[Event "Malaysian Open"]
[Site "Kuala Lumpur MAS"]
[Date "2011.08.18"]
[Round "2.24"]
[White "Sanchez, Joseph"]
[Black "Kojima, Shinya"]
[Result "1/2-1/2"]
[WhiteTitle "GM"]
[BlackTitle "FM"]
[WhiteElo "2534"]
[BlackElo "2300"]
[WhiteFideId "5201233"]
[BlackFideId "7000812"]
[EventDate "2011.08.18"]

1. e4 c6 2. d4 d5 3. e5 c5 4. dxc5 Nc6 5. Bb5 e6 6. Be3 Ne7 7. c3 Bd7 8. Bxc6
Bxc6 9. Nf3 Nf5 10. Bd4 Nxd4 11. cxd4 b6 12. O-O Bb5 13. Re1 bxc5 14. Nc3 Bd7
15. dxc5 Bxc5 16. Rc1 Qb6 17. Re2 O-O 18. Na4 Bxa4 19. Qxa4 Rac8 20. Kf1 Rc7 21.
b4 Be7 22. Rxc7 Qxc7 23. Rc2 Qb7 24. a3 Rc8 25. Rxc8+ Qxc8 26. g3 a6 27. Kg2 g5
28. h3 h6 29. Qb3 Qc7 30. Qe3 a5 31. b5 Bc5 32. Qb3 Qb6 33. Qb2 a4 34. Ne1 Qc7
35. Qc2 Qa7 36. Qb2 Bd4 37. Qb4 Bxf2 38. Nd3 Bb6 39. h4 d4 40. hxg5 Qa8+ 41. Kf2
Qe4 42. Qd2 Qf5+ 43. Kg2 hxg5 44. Qe2 Kf8 45. g4 Qg6 46. Qf3 Kg7 47. Nb4 Bc7 48.
Nd3 Kh7 49. Qh3+ Kg7 50. Qf3 Kh7 51. Qh3+ Kg7 52. Qf3 1/2-1/2

[Event "Malaysian Open"]
[Site "Kuala Lumpur MAS"]
[Date "2011.08.18"]
[Round "2.25"]
[White "Ravry, Kazoune"]
[Black "Udani, Ian"]
[Result "0-1"]
[WhiteElo "1784"]
[BlackElo "2307"]
[WhiteFideId "667293"]
[BlackFideId "5206243"]
[EventDate "2011.08.18"]

1. c4 Nf6 2. Nc3 c5 3. g3 Nc6 4. Bg2 g6 5. Nf3 Bg7 6. O-O O-O 7. d4 cxd4 8. Nxd4
Ng4 9. e3 d6 10. Nxc6 bxc6 11. Bxc6 Rb8 12. Qc2 Ne5 13. Bg2 Nxc4 14. b3 Qa5 15.
Nd5 Qd8 16. Rb1 Nb6 17. Bb2 Bxb2 18. Qxb2 Bf5 19. Rbc1 Nxd5 20. Bxd5 Qa5 21.
Rfd1 Rfc8 22. Bf3 Be6 23. Rd2 Bh3 24. Bg2 Rxc1+ 25. Qxc1 Rc8 26. Qb2 Bf5 27. h3
h5 28. Qd4 Qa3 29. g4 hxg4 30. hxg4 Be6 31. Qb2 Qxb2 32. Rxb2 Bxg4 33. b4 Rc1+
34. Kh2 Ra1 35. Bc6 Bd1 36. Kg3 Kf8 37. Be4 Rc1 38. b5 e6 39. Bc6 Ra1 40. Kf4
Ke7 41. Kg5 Rc1 42. a4 Bxa4 43. Ra2 Rc5+ 44. Kh6 Kf6 45. Kh7 Bxb5 0-1

[Event "Malaysian Open"]
[Site "Kuala Lumpur MAS"]
[Date "2011.08.18"]
[Round "2.27"]
[White "Iuldachev, Saidali"]
[Black "Iskandar, Bin Abdullah"]
[Result "1/2-1/2"]
[WhiteTitle "GM"]
[WhiteElo "2482"]
[BlackElo "1956"]
[WhiteFideId "14200104"]
[BlackFideId "5802105"]
[EventDate "2011.08.18"]

1. e4 e6 2. d4 d5 3. e5 c5 4. c3 Qb6 5. Nf3 Nc6 6. Bd3 Bd7 7. dxc5 Bxc5 8. O-O
a5 9. Nbd2 Qc7 10. Nb3 Bf8 11. Nbd4 Nxe5 12. Nxe5 Qxe5 13. Re1 Qb8 14. Qf3 Bd6
15. Nf5 Bxh2+ 16. Kh1 Be5 17. Rxe5 Qxe5 18. Bf4 Qf6 19. Re1 Nh6 20. Be5 Qxf5 21.
Bxf5 Nxf5 22. g4 Nh4 23. Qg3 f6 24. Bd4 Ng6 25. Qd6 Rc8 26. Kh2 Rc6 27. Qxd5 Ne7
28. Qh5+ g6 29. Qh6 e5 30. f4 Rf8 31. fxe5 Re6 32. Qd2 f5 33. g5 f4 34. Bc5 Bc6
35. Rd1 Rxe5 36. Qd8+ Kf7 37. Qd6 Re2+ 38. Kh3 Kg8 39. Rd2 Re4 40. b4 1/2-1/2

[Event "Malaysian Open"]
[Site "Kuala Lumpur MAS"]
[Date "2011.08.18"]
[Round "2.28"]
[White "Wang, Yiye"]
[Black "Goundar, Sanmogam"]
[Result "1-0"]
[BlackTitle "CM"]
[WhiteElo "2262"]
[BlackElo "1934"]
[WhiteFideId "8606021"]
[BlackFideId "11400110"]
[EventDate "2011.08.18"]

1. e4 c5 2. Nf3 Nc6 3. d4 cxd4 4. Nxd4 g6 5. c4 Bg7 6. Nc2 Nf6 7. Nc3 d6 8. Be2
Be6 9. O-O Ne5 10. f4 Neg4 11. f5 Qb6+ 12. Kh1 Nf2+ 13. Rxf2 Qxf2 14. fxe6 fxe6
15. Be3 Qh4 16. Bf3 h5 17. g3 Qh3 18. Bg2 Qg4 19. Qf1 h4 20. Bf3 hxg3 21. Bxg4
Rxh2+ 22. Kg1 Nxg4 23. Qd1 Nxe3 24. Nxe3 O-O-O 25. Ne2 Be5 26. Ng4 Rh3 27. Nxe5
dxe5 28. Qf1 Rdh8 29. Qf3 1-0

[Event "Malaysian Open"]
[Site "Kuala Lumpur MAS"]
[Date "2011.08.18"]
[Round "2.30"]
[White "Klein, Gernot"]
[Black "Tan, Justin2"]
[Result "0-1"]
[WhiteElo "1919"]
[BlackElo "2161"]
[WhiteFideId "4695496"]
[BlackFideId "3206882"]
[EventDate "2011.08.18"]

1. e4 e5 2. Nf3 Nc6 3. Bb5 a6 4. Ba4 Nf6 5. d3 d6 6. c3 g6 7. Nbd2 Bg7 8. O-O
O-O 9. Re1 Bd7 10. Nf1 Re8 11. Ne3 Ne7 12. Bc2 c5 13. d4 cxd4 14. cxd4 Qc7 15.
Bd2 Rac8 16. Rc1 Qb8 17. Bc3 Nc6 18. Nd5 Bg4 19. Nb6 Bxf3 20. Qxf3 exd4 21. Bd2
Ne5 22. Qb3 Rc5 23. a4 Qc7 24. Bg5 Ned7 25. Nxd7 Nxd7 26. f4 Rc8 27. Re2 h6 28.
Bh4 d3 29. Qxd3 Bxb2 30. Rd1 Rxc2 31. Rxc2 Qxc2 32. Qxc2 Rxc2 33. Rxd6 Nc5 34.
Rd8+ Kg7 35. e5 Ne4 36. Kf1 g5 37. Bg3 gxf4 38. Bh4 Bxe5 39. Re8 Bf6 40. Rxe4
Bxh4 41. Rxf4 Bg5 42. Rb4 Ra2 43. h4 Bf6 44. Rg4+ Kf8 45. Rf4 Ke7 46. Rb4 Rb2
47. Re4+ Kd7 48. Rf4 Ke6 49. Rc4 Be5 50. Rc8 Rb4 51. Re8+ Kf5 52. Re7 Kf6 53.
Rd7 Ke6 54. Rd8 Rxa4 55. Re8+ Kf6 56. h5 Rh4 57. Ke2 Rxh5 58. Rh8 Kg7 59. Re8 a5
60. Kf3 Bf6 61. Rb8 b5 62. g4 Rc5 63. Ke4 a4 64. Rb7 a3 65. Ra7 Rc4+ 66. Kd3 Ra4 0-1

[Event "Malaysian Open"]
[Site "Kuala Lumpur MAS"]
[Date "2011.08.18"]
[Round "2.32"]
[White "Subramaniam, Sumant"]
[Black "Limono, Handjojo"]
[Result "1-0"]
[WhiteElo "2117"]
[BlackElo "1916"]
[WhiteFideId "5702720"]
[BlackFideId "7102909"]
[EventDate "2011.08.18"]

1. e4 c6 2. Nf3 g6 3. c4 Bg7 4. Nc3 d6 5. d4 Bg4 6. Be2 Qc7 7. O-O Nf6 8. e5
Nfd7 9. exd6 exd6 10. Ng5 Bxe2 11. Qxe2+ Kf8 12. Bf4 Bxd4 13. Qe6 Ne5 14. c5 d5
15. Rad1 Nf3+ 16. Nxf3 Qxf4 17. Nxd4 Na6 18. Qd7 Rb8 19. Rfe1 Qf6 20. Re3 b5 21.
Rf3 Rd8 22. Ne6+ 1-0

[Event "Malaysian Open"]
[Site "Kuala Lumpur MAS"]
[Date "2011.08.18"]
[Round "2.33"]
[White "Zulfic, Fedja"]
[Black "Adeimi, Michel"]
[Result "1-0"]
[WhiteElo "2098"]
[BlackElo "1895"]
[WhiteFideId "3208427"]
[BlackFideId "689165"]
[EventDate "2011.08.18"]

1. c4 Nf6 2. Nc3 g6 3. e4 d6 4. d4 Bg7 5. Nf3 O-O 6. Be2 c5 7. O-O cxd4 8. Nxd4
Nc6 9. Be3 Bd7 10. f3 a6 11. Qd2 Rc8 12. Rac1 Nxd4 13. Bxd4 Be6 14. b3 Nd7 15.
Bxg7 Kxg7 16. f4 Nf6 17. Kh1 Qa5 18. Qb2 Kg8 19. f5 Bd7 20. fxg6 hxg6 21. Rxf6
exf6 22. Nd5 Be6 23. Nxf6+ Kh8 24. Nd7+ f6 25. Nxf8 Rxf8 26. Rd1 Kg7 27. Qd2
Qxd2 28. Rxd2 Rd8 29. c5 d5 30. Bc4 Re8 31. Bxd5 Bxd5 32. Rxd5 Rxe4 33. Rd7+ Kf8
34. h3 Re7 35. Rxe7 Kxe7 36. h4 f5 37. Kh2 Ke6 38. Kg3 Kd5 39. Kf4 Kxc5 40. Kg5
Kb4 41. Kxg6 Ka3 42. h5 Kxa2 43. h6 Kxb3 44. h7 b5 45. h8=Q a5 46. Qa1 a4 47.
Qb1+ Kc4 48. Qa2+ Kb4 49. Qb2+ Kc4 50. Qa3 f4 51. Kg5 1-0

[Event "Malaysian Open"]
[Site "Kuala Lumpur MAS"]
[Date "2011.08.18"]
[Round "2.34"]
[White "Nur, Nabila Azman Hisham"]
[Black "Cai, Jiaying"]
[Result "1/2-1/2"]
[WhiteTitle "WCM"]
[WhiteElo "1894"]
[BlackElo "2094"]
[WhiteFideId "5702135"]
[BlackFideId "8604312"]
[EventDate "2011.08.18"]

1. d4 d5 2. c4 c6 3. cxd5 cxd5 4. Nc3 Nf6 5. Bf4 Nc6 6. e3 e6 7. a3 Be7 8. Bd3
O-O 9. h3 a6 10. Nf3 b5 11. Ne5 Bb7 12. Nxc6 Bxc6 13. O-O Qb6 14. Qe2 Rfc8 15.
Rfc1 Bd7 16. Rc2 h6 17. Rac1 Rc6 18. Be5 Rac8 19. e4 dxe4 20. Nxe4 Nd5 21. Nc5
Be8 22. b4 Rd8 23. Be4 Rcc8 24. Bxd5 Rxd5 25. Qg4 g6 26. Na4 Rxc2 27. Nxb6 Rxc1+
28. Kh2 Rd8 29. d5 exd5 30. Qd4 Bc6 31. Qe3 Bg5 32. f4 Rc2 33. Qd3 Ra2 34. Qc3
Bb7 35. Qc7 d4 36. Qxb7 d3 37. Qf3 d2 38. Qd1 Be7 39. Bc3 Rc2 40. Bxd2 Rdxd2 41.
Qf3 Rf2 42. Qe4 Rce2 43. Qb7 Kg7 44. Qd5 Bf6 45. Nd7 Rxg2+ 46. Qxg2 Rxg2+ 47.
Kxg2 Bb2 48. Nc5 Bxa3 49. Nxa6 Kf6 50. Nc7 Kf5 51. Nxb5 Bxb4 52. Kf3 Bc5 53. Nc3
h5 54. Ne4 Be7 55. Ng3+ Kf6 56. Ke4 Bc5 57. f5 Bd6 58. fxg6 fxg6 59. Ne2 Kg5 60.
Kf3 Be5 61. Nc1 Kf5 62. Nd3 Bd4 63. Ne1 Bc3 64. Ng2 g5 65. Ne3+ Ke5 66. Nf1 Be1
67. Ne3 Bc3 68. Nf1 1/2-1/2

[Event "Malaysian Open"]
[Site "Kuala Lumpur MAS"]
[Date "2011.08.18"]
[Round "2.35"]
[White "Marret, Benjamin"]
[Black "Chong, Chor Yuen"]
[Result "0-1"]
[WhiteElo "1821"]
[BlackElo "2071"]
[WhiteFideId "20605773"]
[BlackFideId "6000320"]
[EventDate "2011.08.18"]

1. Nf3 d5 2. d4 Nf6 3. e3 e6 4. Bd3 c5 5. c3 Nc6 6. Nbd2 Be7 7. O-O O-O 8. dxc5
Bxc5 9. e4 Qc7 10. exd5 exd5 11. h3 Re8 12. Qc2 Bxh3 13. Nd4 Bxd4 14. cxd4 Bg4
15. Nb3 Rac8 16. a3 Qb6 17. Be3 Nb4 18. Qd2 Nxd3 19. Qxd3 Bh5 20. f4 Ng4 21. Rf3
Qh6 22. Rh3 Nxe3 23. Rxe3 Qxf4 24. Rae1 Rxe3 25. Rxe3 Bg6 26. Qe2 Be4 27. Qe1 b6
28. Rc3 Rxc3 29. Qxc3 Qg4 30. Qd2 h5 0-1

[Event "Malaysian Open"]
[Site "Kuala Lumpur MAS"]
[Date "2011.08.18"]
[Round "2.36"]
[White "Lei, Tingjie"]
[Black "Yong, Han Shawn"]
[Result "1-0"]
[WhiteElo "2061"]
[BlackElo "1824"]
[WhiteFideId "8605114"]
[BlackFideId "5802377"]
[EventDate "2011.08.18"]

1. Nf3 Nf6 2. g3 d5 3. Bg2 e6 4. O-O Be7 5. d4 O-O 6. c4 c6 7. Nc3 Nbd7 8. b3 b6
9. Bb2 Ba6 10. Nd2 Rc8 11. Rc1 b5 12. c5 b4 13. Na4 Bb5 14. Re1 Qc7 15. f4 Rfd8
16. Qc2 g6 17. Nf1 Bf8 18. Qd2 Bxa4 19. bxa4 Rb8 20. Qc2 Bg7 21. Nd2 Rb7 22. Nb3
a5 23. Rb1 Ne8 24. Bc1 f5 25. Bd2 Nef6 26. Rec1 Ne4 27. Be1 Nb8 28. Qd3 Ra7 29.
e3 Bf6 30. Bxe4 dxe4 31. Qc4 Rd5 32. a3 Nd7 33. axb4 axb4 34. Qxb4 Bd8 35. Qc4
Nf6 36. Nd2 Kf7 37. Rb3 Rd7 38. Rcb1 Nd5 39. Nf1 Ra8 40. Ra3 Qa7 41. Qc2 Qa6 42.
Nd2 Qe2 43. Qc4 Qg4 44. Qf1 Rda7 45. Nc4 Bc7 46. a5 g5 47. Nb6 Rg8 48. Nxd5 exd5
49. fxg5 Qxg5 50. Rb2 h5 51. Kh1 Ke6 52. a6 Rga8 53. Rb6 Kd7 54. Rab3 Qg4 55.
Rxc6 Qf3+ 56. Qxf3 exf3 57. Rf6 Rxa6 58. Rxa6 Rxa6 59. Kg1 Ra2 60. h4 Rg2+ 61.
Kf1 Bxg3 62. Bxg3 Rxg3 63. Kf2 Rh3 64. Rb6 Rxh4 65. Rd6+ Ke7 66. Rxd5 Ke6 67.
Rd6+ Ke7 68. Kxf3 Rg4 69. Rh6 h4 70. c6 Kd8 71. Rh7 Rg6 72. d5 Rd6 73. e4 fxe4+
74. Kxe4 Rg6 75. Rxh4 Rg1 76. Ke5 Rg5+ 77. Kd6 Rg6+ 78. Kc5 Rg5 79. Rh8+ Kc7 80.
Rh7+ Kc8 81. Kb6 1-0

[Event "Malaysian Open"]
[Site "Kuala Lumpur MAS"]
[Date "2011.08.18"]
[Round "2.38"]
[White "Narayanan, Renitha"]
[Black "Gibbons, Robert"]
[Result "1/2-1/2"]
[WhiteElo "1717"]
[BlackElo "2034"]
[WhiteFideId "5702909"]
[BlackFideId "4300700"]
[EventDate "2011.08.18"]

1. d4 Nf6 2. Nf3 d5 3. c4 c6 4. cxd5 cxd5 5. Nc3 e6 6. Bg5 Be7 7. e3 Nc6 8. Bd3
O-O 9. O-O h6 10. Bh4 Bd7 11. Rc1 Rc8 12. Qe2 Re8 13. Rfd1 Qb6 14. a3 Qb3 15.
Bc2 Qb6 16. Bd3 Kf8 17. Na4 Qd8 18. Nc5 b6 19. Nb3 Ng8 20. Bg3 Nb8 21. Rxc8 1/2-1/2

[Event "Malaysian Open"]
[Site "Kuala Lumpur MAS"]
[Date "2011.08.18"]
[Round "2.39"]
[White "Nakamura, Naohiro"]
[Black "William, Lee Kah Howe"]
[Result "1-0"]
[WhiteElo "2033"]
[BlackElo "1800"]
[WhiteFideId "7000715"]
[BlackFideId "5702240"]
[EventDate "2011.08.18"]

1. Nf3 Nf6 2. c4 e6 3. g3 d5 4. d4 c6 5. Bg2 Bd6 6. O-O O-O 7. Nc3 Re8 8. Bg5 h6
9. Bxf6 Qxf6 10. e4 dxe4 11. Nxe4 Qe7 12. Nxd6 Qxd6 13. Qe2 Nd7 14. Rfd1 Qe7 15.
Rd2 b6 16. Ne5 Nxe5 17. dxe5 Bb7 18. Rad1 Red8 19. Rd6 Rxd6 20. exd6 Qd7 21. c5
b5 22. a4 a5 23. axb5 cxb5 24. Bxb7 Qxb7 25. d7 Rd8 26. Qd3 Qc6 27. Qd6 Qf3 28.
c6 1-0

[Event "Malaysian Open"]
[Site "Kuala Lumpur MAS"]
[Date "2011.08.18"]
[Round "2.40"]
[White "Zelesco, Karl"]
[Black "Wolfaardt, Francois"]
[Result "0-1"]
[WhiteElo "2013"]
[BlackElo "1780"]
[WhiteFideId "3213390"]
[BlackFideId "14302578"]
[EventDate "2011.08.18"]

1. e4 e5 2. Nf3 Nc6 3. Bb5 a6 4. Ba4 b5 5. Bb3 Nf6 6. O-O Bc5 7. c3 O-O 8. d4
Bd6 9. dxe5 Nxe5 10. Nxe5 Bxe5 11. f4 Bd6 12. e5 Bc5+ 13. Kh1 Ne4 14. Qd5 Bb7
15. Qxb7 c6 16. Nd2 Nf2+ 17. Rxf2 Bxf2 18. a4 Ra7 19. Qxa7 Bxa7 20. axb5 Qb6 21.
Nf3 Qxb5 22. Nd2 Qb6 23. Nf3 Qxb3 24. Bd2 Qxb2 25. Rd1 a5 26. h3 a4 27. Be1 a3
28. Rxd7 Be3 29. Rd1 a2 30. Bg3 a1=Q 31. Rxa1 Qxa1+ 32. Kh2 Qxc3 33. h4 Qb4 34.
f5 Bf4 35. Kh3 Bxg3 36. Kxg3 h5 37. f6 gxf6 38. exf6 Qd6+ 39. Kf2 Qxf6 0-1

[Event "Malaysian Open"]
[Site "Kuala Lumpur MAS"]
[Date "2011.08.18"]
[Round "2.41"]
[White "Karunanayake, Mayuri"]
[Black "Cheah, Cheok Fung"]
[Result "0-1"]
[WhiteElo "1667"]
[BlackElo "2008"]
[WhiteFideId "9900390"]
[BlackFideId "5703271"]
[EventDate "2011.08.18"]

1. e4 c5 2. Nf3 Nc6 3. Bb5 d6 4. O-O Bd7 5. Re1 g6 6. d4 cxd4 7. Nxd4 Bg7 8. Be3
Nf6 9. f3 O-O 10. Nc3 Qa5 11. Bf1 Rfc8 12. Qd2 Ne5 13. Nb3 Qc7 14. Bd4 Nc6 15.
Bxf6 exf6 16. Nb5 Qb6+ 17. Kh1 Be6 18. Qxd6 a6 19. Nc3 Bf8 20. Qf4 Nb4 21. Qd2
Rd8 22. Qc1 Rac8 23. a3 Nxc2 24. Qxc2 Bxb3 25. Qc1 Qf2 26. Re2 Qh4 27. g3 Qh5
28. Bg2 Bh6 29. Qe1 Bc4 30. Rf2 Qc5 31. f4 Bf8 32. Rd2 Qb6 33. Rxd8 Rxd8 34. b4
a5 35. Na4 Qc6 36. Nb2 Bb3 37. bxa5 Qc2 38. Qc1 Qxc1+ 39. Rxc1 Bxa3 40. Rc3 Bxb2
41. Rxb3 Rd1+ 42. Bf1 Rxf1+ 43. Kg2 Ra1 44. Rxb2 Rxa5 45. Rxb7 Ra2+ 46. Kh3 Re2
47. Rb4 h5 48. Rd4 g5 49. fxg5 fxg5 50. Rd5 f6 51. g4 h4 52. Rf5 Kf7 53. Rb5
Rxe4 54. Rb7+ Kg6 55. Rd7 Re3+ 56. Kg2 Re2+ 57. Kh3 Re6 58. Rc7 Re8 59. Rd7 Re6
60. Rd8 Kf7 61. Rd7+ Kg6 62. Rd8 Ra6 63. Rd7 Ra8 64. Kg2 Rf8 65. Kf3 Kh6 66. Re7
Ra8 67. Re6 Kg6 68. Re7 Ra1 69. Kg2 Ra5 70. Kf3 Re5 71. Rd7 Re6 72. h3 Re1 73.
Kf2 Re4 74. Kf3 Re6 75. Rd2 f5 76. gxf5+ Kxf5 77. Rd5+ Kg6 78. Kg4 Re4+ 79. Kf3
Rf4+ 80. Kg2 Kf6 81. Rb5 Re4 82. Kf3 Re6 83. Kg4 Re4+ 84. Kf3 Rf4+ 85. Kg2 Kg6
86. Rc5 Ra4 87. Kf3 Ra2 88. Kg4 Rg2+ 89. Kf3 Rg3+ 90. Ke4 Rxh3 91. Rc6+ Kh5 92.
Rd6 Ra3 0-1

[Event "Malaysian Open"]
[Site "Kuala Lumpur MAS"]
[Date "2011.08.18"]
[Round "2.42"]
[White "Lee, Kai Jie Edward"]
[Black "Kia, Fatemeh"]
[Result "1-0"]
[WhiteElo "2008"]
[BlackElo "1772"]
[WhiteFideId "5802920"]
[BlackFideId "12507580"]
[EventDate "2011.08.18"]

1. e4 e6 2. d4 d5 3. exd5 exd5 4. Bd3 Bd6 5. h3 Nc6 6. Nf3 Nge7 7. O-O O-O 8. c3
Bf5 9. Re1 Qd7 10. Na3 a6 11. Nc2 Bxd3 12. Qxd3 Rfe8 13. Ne3 b5 14. Bd2 Na5 15.
b3 c6 16. c4 dxc4 17. bxc4 Nb7 18. Qc2 Ng6 19. Bc3 Bf4 20. cxb5 cxb5 21. Rad1
Nd6 22. Ng4 Qc7 23. Qd3 Qc4 24. g3 Qxd3 25. Rxd3 Rxe1+ 26. Bxe1 Bc1 27. Nge5 Rc8
28. d5 Nxe5 29. Nxe5 f6 30. Nc6 Kf7 31. Bb4 Nb7 32. Rc3 Bd2 33. Ne5+ fxe5 34.
Rxc8 Bxb4 35. Rc7+ Ke8 36. Rxb7 Bf8 37. Rb6 Kd7 38. Rxa6 b4 39. Kf1 Bc5 40. Ke2
Kc7 41. Rc6+ 1-0

[Event "Malaysian Open"]
[Site "Kuala Lumpur MAS"]
[Date "2011.08.18"]
[Round "2.44"]
[White "Ismail, Ahmad"]
[Black "Camilia, Bt. Johari"]
[Result "1-0"]
[WhiteElo "1989"]
[BlackElo "1753"]
[WhiteFideId "5700655"]
[BlackFideId "5704677"]
[EventDate "2011.08.18"]

1. Nf3 d5 2. b3 Nf6 3. Bb2 Bf5 4. e3 e6 5. Be2 c5 6. O-O Nc6 7. Bb5 Be7 8. d3
O-O 9. Bxc6 bxc6 10. Nh4 Bg4 11. Nf3 Qb6 12. Nbd2 a5 13. a4 Rab8 14. h3 Bxf3 15.
Qxf3 Nd7 16. e4 Bf6 17. Bxf6 Nxf6 18. Qe3 Rfd8 19. e5 Ne8 20. f4 Nc7 21. Kh2 Na6
22. f5 exf5 23. Rxf5 Nb4 24. Rc1 Qc7 25. Qg3 g6 26. Rf6 Re8 27. Nf3 Re7 28. Kh1
Rbe8 29. Qf2 Qa7 30. Ng5 h6 31. Nf3 Re6 32. Re1 Kg7 33. d4 cxd4 34. Nxd4 Rxe5
35. Rxe5 Rxe5 36. Nf5+ Kxf6 37. Qxa7 Rxf5 38. Qxa5 Rf4 39. Qc5 Kg7 40. a5 Re4
41. c3 Nc2 42. Qxc6 Ne3 1-0